Genealogische Studien zur Geschichte der baltischen Besiedlung: Geburten, Heiraten und Todesfälle in Neuendorf auf der Insel Wollin (Pommern) im Zeitraum 1800 bis 1813

Titel: Genealogische Studien zur Geschichte der baltischen Besiedlung: Geburten, Heiraten und Todesfälle in Neuendorf auf der Insel Wollin (Pommern) im Zeitraum 1800 bis 1813 / Matthias Blazek
Verfasser:
In: Genealogie, Band 34=67, Heft 2 (2018), Seite 82-118
alle Artikel anzeigen
Veröffentlicht: 2018
Format: Aufsatz
Sprache: Deutsch
Schlagworte:
Kein Bild verfügbar
X
alg: 46784410
001A    $03025:14-08-20 
001B    $01999:14-08-20 $t22:42:13.000 
001D    $03025:14-08-20 
001U    $0utf8 
001X    $00 
002@    $0Aou 
002C    $aText $btxt $2rdacontent 
002D    $aohne Hilfsmittel zu benutzen $bn $2rdamedia 
002E    $aBand $bnc $2rdacarrier 
003@    $0467844100 
007A    $0467844100 $aHEB 
010@    $ager 
010E    $erda 
011@    $a2018 
021A    $aGenealogische Studien zur Geschichte der baltischen Besiedlung: Geburten, Heiraten und Todesfälle in Neuendorf auf der Insel Wollin (Pommern) im Zeitraum 1800 bis 1813 $hMatthias Blazek 
028A    $BVerfasser $4aut $7129723754 $8Blazek, Matthias$Z1966- [Tp3] $9160006708 
031A    $d34=67 $e2 $h82-118 $j2018 
039B    $aEnthalten in $8--Abvc--. Genealogie. - Insingen : Degener, 1962-. - ISSN 0016-6383 $x201800000340002918 $904732645X 
044K    $ROstsee $#Wolin Insel $74066903-8 $8Wollin [Tg1] $9085188182 
044K    $RHistorische Hilfswissenschaften $RAbstammung $RLineage $RGenealoge $#Genealogy $#Généalogie $#Genealogie $#Ahnenforschung $#Ahnenkunde $#Familienforschung Genealogie $#Familiengeschichte Genealogie $#Familienkunde $#Historische Familienforschung $#Sippenkunde $#Abstammung Genealogie $#Herkunft Genealogie $74020097-8 $8Genealogie [Ts1] $9085048054 
045F    $a929.094381609034 $eDDC23BSB 
045F/01 $a929 
045F/03 $f09034 
045F/03 $g43816 
045R    $aGeschichte 1800-1813 
045T    $a8 

lok: 46784410 78

exp: 46784410 78 1 #EPN
201B/01 $014-08-20 $t13:01:40.000 
201C/01 $014-08-20 
201U/01 $0utf8 
203@/01 $01118021983 
208@/01 $a14-08-20 $be 
209A/01 $a/ $f000 $x00 
209A/01 $ab*p $x01 
220C/01 $apgar 
244Z/01 $#Pommern $#Pommern $#Herzogtum Pommern $#Herzogthum Pommern $#Provinz Pommern $#Pomorze $74046744-2 $8--Tg1--Pommern $x01 $9085130354 
247C/01 $82080>Marburg/Lahn, Herder-Institut, Forschungsbibliothek, Bibliographieportal $9336309341
LEADER 00000caa a2200000 c 4500
001 467844100
003 DE-603
005 20200814224213.0
007 tu
008 200814s2018 xx |||| | u00||u|ger c
035 |a (DE-599)HEB467844100 
040 |a DE-603  |b ger  |c DE-603  |d DE-603  |e rda 
041 |a ger 
082 0 4 |8 1\u  |a 929.094381609034  |q DE-101  |2 23/BSB 
084 |a 8  |2 ssgn 
085 |8 1\u  |b 929 
085 |8 1\u  |z 1  |s 09034 
085 |8 1\u  |z 2  |s 43816 
100 1 |a Blazek, Matthias  |d 1966-  |e Verfasser  |4 aut  |0 (DE-603)160006708  |0 (DE-588)129723754  |2 gnd 
245 0 0 |a Genealogische Studien zur Geschichte der baltischen Besiedlung: Geburten, Heiraten und Todesfälle in Neuendorf auf der Insel Wollin (Pommern) im Zeitraum 1800 bis 1813  |c Matthias Blazek 
264 0 |c 2018 
336 |a Text  |b txt  |2 rdacontent 
337 |a ohne Hilfsmittel zu benutzen  |b n  |2 rdamedia 
338 |a Band  |b nc  |2 rdacarrier 
648 7 |a Geschichte 1800-1813  |2 gnd 
650 7 |a Genealogie  |0 (DE-588)4020097-8  |0 (DE-603)085048054  |2 gnd 
651 7 |a Wollin  |0 (DE-588)4066903-8  |0 (DE-603)085188182  |2 gnd 
773 0 8 |i Enthalten in  |t Genealogie  |d Insingen : Degener, 1962-  |x 0016-6383  |g Band 34=67, Heft 2 (2018), Seite 82-118  |w (DE-603)04732645X  |w (DE-600)212736-2 
924 0 |9 2080  |a (DE-603)1118021983  |b DE-2080  |c HES  |d d  |g /